Central Library OPAC University of Rajshahi
Normal view MARC view

Entry Personal Name

Number of records used in: 2

001 - CONTROL NUMBER

  • control field: 16453

003 - CONTROL NUMBER IDENTIFIER

  • control field: BD-RjUL

005 - DATE AND TIME OF LATEST TRANSACTION

  • control field: 20250804123347.0

008 - FIXED-LENGTH DATA ELEMENTS

  • fixed length control field: 250804|| aca||aabn | a|a d

040 ## - CATALOGING SOURCE

  • Original cataloging agency: BD-RjUL
  • Transcribing agency: BD-RjUL

100 ## - HEADING--PERSONAL NAME

  • Personal name: Ahmed, Malikzada Manzoor

670 ## - SOURCE DATA FOUND

  • Source citation: Work cat.: (BD-RjUL)85437: Ahmed, Malikzada Manzoor , غبار خاطر کا تنقیدی مطالعہ;; gabar khaatir ka tanqeedi matalaa /, 1971